| 000 | 00000nam##2200000za#4500 |
| 001 | 9.606237 |
| 003 | CaOODSP |
| 005 | 20230801131721 |
| 007 | cr ||||||||||| |
| 008 | 150406|2011||||xxc|||||o f|0| 0 fre|d |
| 040 | |aCaOODSP|bfre |
| 043 | |an-cn--- |
| 086 | 1 |aPS82-3/11-5F-PDF |
| 110 | 2 |aService correctionnel Canada. |bDirection de la recherche. |
| 245 | 13|aLa validité de la déclaration de consommation de drogues chez les délinquants de sexe masculin / |h[ressource électronique]|cpréparé par Marguerite Ternes, Sara Johnson et John Weekes. |
| 260 | |bService correctionnel Canada. |cOctobre 2011. |
| 300 | |a2p.|bréférences, tableau |
| 490 | 1 |aExtrait de recherche|vNuméro 11-5 |
| 590 | |a13-25-Supp|b2013-10-28 |
| 775 | 08|tThe validity of self-reported drug use with male offenders / |w(CaOODSP)9.577766 |
| 830 | #0|aExtrait de recherche ;|vNuméro 11-5|w(CaOODSP)9.503046 |
| 856 | 40|ahttp://publications.gc.ca|qPDF|s217 Ko|uhttps://publications.gc.ca/collections/collection_2013/scc-csc/PS82-3-11-5-fra.pdf|yNuméro 11-5 |